Science Quiz

Random Science or Chemistry Quiz

AP Chem memorization: Polyatomic Ions Quiz Stats

 Plays Quiz not verified by Sporcle

Challenge
Share
Tweet
Embed
Score 0/24 Timer 05:00
0 Plays Today
Ion Name % Correct
NO3 -Nitrate
84%
OH -Hydroxide
83.5%
NH4 +Ammonium
82.8%
NO2 -Nitrite
82.3%
PO4 3-Phosphate
82.1%
SO4 2-Sulfate
81.5%
ClO3 -Chlorate
80.7%
CN -Cyanide
80.1%
CO3 2-Carbonate
78.9%
ClO2 -Chlorite
78.6%
C2H3O2 -Acetate
75.6%
CrO4 2-Chromate
75.4%
Ion Name % Correct
HSO4 -Bisulfate
71.7%
ClO4 -Perchlorate
71.5%
HCO3 -Bicarbonate
70.9%
MnO4 -Permanganate
70.6%
Cr2O7 2-Dichromate
67.8%
HPO4 2-Hydrogen Phosphate
66.5%
ClO -Hypochlorite
65.6%
O2 2-Peroxide
64.3%
H2PO4 -Dihydrogen Phosphate
61.5%
H3O +Hydronium
47%
SCN -Thiocyanate
42.4%
S2O3 2-Thiosulfate
31.3%

You're not logged in!

Compare scores with friends on all Sporcle quizzes.
Join for Free
OR
Log In

You Might Also Like...

Show Comments

Extras

Top Quizzes Today


Score Distribution

Your Account Isn't Verified!

In order to create a playlist on Sporcle, you need to verify the email address you used during registration. Go to your Sporcle Settings to finish the process.

Report this User

Report this user for behavior that violates our Community Guidelines.

Details: